[Event "Bad Woerishofen op 14th"]
[Site "Bad Woerishofen"]
[Date "1998.??.??"]
[Round "3"]
[White "Bechtold, Guenter"]
[Black "Krajinski, Lutz"]
[Result "0-1"]
[WhiteElo "1915"]
[BlackElo "1650"]
[PlyCount "60"]
[EventDate "1998.03.06"]
[EventType "swiss"]
[EventRounds "9"]
[EventCountry "GER"]
[SourceTitle "CBM 063 Extra"]
[Source "ChessBase"]
[SourceDate "1998.04.29"]
[SourceVersion "1"]
[SourceVersionDate "1998.04.29"]
[SourceQuality "1"]

1. e4 c5 2. Nf3 Nc6 3. d4 cxd4 4. Nxd4 Nf6 5. Nc3 d6 6. Bc4 a6 7. 0-0 e6 8. f4 Qc7 9. Bb3 Be7 10. Kh1 Bd7 11. f5 e5 12. Nf3 h6 13. Be3 b5 14. a3 Rc8 15. Qd2 Na5 16. Nd5 Nxd5 17. Bxd5 Nc4 18. Bxc4 Qxc4 19. f6 gxf6 20. Rf2 Qxe4 21. Bxh6 Qg6 22. Be3 f5 23. Rd1 Bc6 24. Qa5 f4 25. Qxa6 Qf5 26. Ba7 f6 27. b4 Kf7 28. a4 Qh5 29. axb5 Bxf3 30. gxf3 Rxc2 0-1